Statistics for basketball

Click here to take the quiz!

General Stats

  • This quiz has been taken 28 times
  • The average score is 9 of 10

Answer Stats

HintAnswer% Correct
CP3chris paul
100%
KDkevindurant
100%
Kinglebron james
100%
PG13paul george
100%
Melocarmelo anthony
96%
The Black Mambakobe bryant
96%
GOATmichael jordan
96%
big dieselshaq
93%
SupermanDwight howard
85%
AIalleniverson
78%

Score Distribution

Percentile by Number Answered

Percent of People with Each Score

Your Score History

You have not taken this quiz